000 00335nam a22001457a 4500
003 MACL
005 20151031134139.0
008 151031b xxu||||| |||| 00| 0 eng d
040 _cMACL
041 _aEnglish
100 _aArihant
_917260
245 _aIndia 2015
260 _aNew Delhi
_bArihant Publications
_c2015
942 _2ddc
_cBK
999 _c50462
_d50462